Analýza zahraničného obchodu v SR: ECM prístup
Analýza zahraničného obchodu v SR založeného na ekonometrickom prístupe ECM.
Salvato in:
| Autore principale: | |
|---|---|
| Natura: | Capitolo di libro |
| Lingua: | slovacco |
| Soggetti: | |
| Tags: |
Nessun Tag, puoi essere il primo ad aggiungerne!!
|
MARC
| LEADER | 00000naa a2200000 4500 | ||
|---|---|---|---|
| 001 | 0171811 | ||
| 005 | 20240502072938.9 | ||
| 041 | 0 | |a slo | |
| 044 | |a SK | ||
| 245 | 1 | 0 | |a Analýza zahraničného obchodu v SR: ECM prístup |c Brian König |
| 520 | |a Analýza zahraničného obchodu v SR založeného na ekonometrickom prístupe ECM. | ||
| 610 | 2 | 0 | |a analýza ekonometrická |
| 610 | 2 | 0 | |a obchod zahraničný |
| 610 | 2 | 0 | |a Slovensko |
| 610 | 2 | 0 | |a kríza finančná |
| 610 | 2 | 0 | |a produkt domáci hrubý |
| 610 | 2 | 0 | |a rady časové |
| 100 | 1 | |a König, Brian, 1983- | |